000
00338pam a2200157a 44500
008
230515b1980 xxu||||| |||| 00| 0 eng d
020
_a
NULL
041
_a
ENGL
082
_a
530.13 /HUA
100
_a
HUANG K.
245
_a
STATISTICAL MECHANICS
250
_a
2
260
_a
NULL
_b
JOHN
_c
1980
300
_a
403 PB
650
_a
NULL
999
_c
623585
_d
623585